000 00391nam a2200145Ia 4500
008 230917s9999||||xx |||||||||||||| ||und||
040 _e40302
_aMAIN
041 _aEnglish
082 _a809.2 P645P:A
100 _aPilling, John
245 0 _aAutobiography and imagination: Studies in self-scrutiny
260 _aLondon
_bRoutledge & Kegan Paul
_c1981
300 _aix, 178 p.
942 _cBK
999 _c64605
_d64605